| 000 | 00545nam a22001697a 4500 | ||
|---|---|---|---|
| 005 | 20120614143512.0 | ||
| 020 | _cRs. 200.00 (pbk) | ||
| 035 | _aB-17697 | ||
| 037 |
_aDPL _bENG |
||
| 100 |
_aDiwan, Paras _949081 |
||
| 245 |
_aFamily law / _cby Paras Diwan |
||
| 250 | _a5th ed. | ||
| 260 |
_aFaridabad _bAllahabad Law Agency _c2000 |
||
| 300 |
_a536p. _c22 cms. |
||
| 942 |
_2ddc _cEN _h364.015 _mDIW |
||
| 999 |
_c67928 _d67928 |
||